| 000 | 00812nam a2200229 a 4500 | ||
|---|---|---|---|
| 005 | 20210223130551.0 | ||
| 008 | 080729s1982 mx r 000 0 spa d | ||
| 035 | _aUPN01000158459 | ||
| 049 | _aUNE | ||
| 080 | _a373.2 (569.4) =20 TRA No.109. | ||
| 245 | 0 | 0 |
_aTraining personnel for early chilhood education : _ban Israeli experience / _cRebecaHorowitz ... [et al.]. |
| 260 |
_aParís : _bUNESCO ; _aNew York : _bUNICEF, _c1982. |
||
| 300 | _a20 p. | ||
| 440 | 0 |
_aNotes, Comments... ; _v109. |
|
| 690 | _aEducación preescolar - Desarrollo de los currículos - Israel | ||
| 690 | _aFormación de maestros de preprimaria - Israel | ||
| 690 | _aIsrael - Educación preescolar - Primera infancia | ||
| 700 | 1 |
_aHorowitz, Rebeca , _ecoaut. |
|
| 710 | 2 |
_aUNICEF _924085 |
|
| 710 | 2 | _aUNESCO | |
| 905 | _aUNESCO | ||
| 999 |
_c130573 _d130573 |
||